000 01907cam a2200265 4500500
005 20260329014400.0
041 _afre
042 _adc
100 1 0 _aTadlaoui, Miryam
_eauthor
245 0 0 _aLes caractéristiques cognitives de la personnalité résiliente chez les victimes du terrorisme
260 _c2014.
500 _a70
520 _aLe travail que nous présentons est une tentative de description des caractéristiques cognitives de la personnalité résiliente chez les victimes du terrorisme dans la wilaya de Tlemcen en Algérie. Le but de cette recherche est de connaitre leurs qualités de planification en plus de leurs compétences cognitives, cela à l’aide du test de la tour de Hanoï. Le principal résultat de cette étude a montré que les sujets résilients ont eu l’habitude de bénéficier de leurs expériences de vie pour pouvoir affronter les problèmes et les situations de vie difficiles telles que la condamnation à mort par les terroristes.
520 _aThe work chat we présent is an attempt to describe the cognitive characteristics of resilient personality among victims of terrorism in the city of Tlemcen in Algeria The purpose of this research is to know their planning competencies in addition to their cognitive skills. This with the test of the Tower of Hanoi. The main result of this study showed that resilient subjects had used to benefit from their life experiences in order to face the difficult problems and life situations such as the death sentence by terrorists.
690 _aplanifications
690 _arésilience
690 _aterrorisme
690 _atrauma
690 _aplanning
690 _aresilience
690 _aterrorism
690 _atrauma
786 0 _nPsy Cause | 67 | 3 | 2014-01-19 | p. 33-36 | 1245-2394
856 4 1 _uhttps://shs.cairn.info/revue-psy-cause-2014-3-page-33?lang=fr&redirect-ssocas=7080
999 _c1888643
_d1888643